LIBRARY & INFORMATION CENTRE, KCAET, TAVANUR

ONLINE PUBLIC ACCESS CATALOGUE (OPAC)

Sir Issac Newton / (Record no. 5001)

MARC details
000 -LEADER
fixed length control field 00531cam a2200205ua 4500
041 ## - LANGUAGE CODE
Language code of text/sound track or separate title mal
082 ## - DEWEY DECIMAL CLASSIFICATION NUMBER
Classification number 925.30
Item number SRE/SI
100 ## - MAIN ENTRY--AUTHOR NAME
Personal name Sreedharan Pillai, P .
245 ## - TITLE STATEMENT
Title Sir Issac Newton /
250 ## - EDITION STATEMENT
Edition statement 1 /
260 ## - PUBLICATION, DISTRIBUTION, ETC. (IMPRINT)
Place of publication Trivandrum :
Name of publisher Kerala University ,
Year of publication 1957.
300 ## - PHYSICAL DESCRIPTION
Number of Pages 147 ; .
490 0# - SERIES STATEMENT
Series statement Universities Series,
Volume number/sequential designation 34
942 ## - ADDED ENTRY ELEMENTS (KOHA)
Koha item type Books
Holdings
Withdrawn status Lost status Damaged status Home library Current library Date acquired Cost, normal purchase price Full call number Accession Number Koha item type
Withdrawn     KAUAET KAUAET 07/04/2012 1.25 925.30 9062 Books
free website counter